000 00394nmm a2200145Ia 4500
008 251105s9999||||xx |||||||||||||||||und||
041 _aspa
100 _aBennett, Jules
245 0 _a¿Por negocios o por amor?
264 _a[Madrid, España] :
_bHarlequin,
_c2010
300 _a111 páginas
650 _aRomance
856 _uhttps://public.digitaliapublishing.com/a/32691
942 _cCF
999 _c104330
_d104330